000 00490nam a2200181Ia 4500
005 20250326142947.0
008 250326s9999 xx 000 0 und d
037 _aTextbook
040 _aFMSL
_beng
_cFMSL
041 _aeng
_2eng
084 _aX:8 M25
_qFMSL
100 _aPareek U
245 0 _aManaging conflict and collaboration
_cPareek U
260 _aNew Delhi
_bNew Delhi, Oxford & IBH
_c1982
300 _a162p
942 _cTB
_hX:8 M25
999 _c1297469
_d1297469